<?xml version="1.0" encoding="UTF-8"?>
<collection xmlns="http://www.loc.gov/MARC21/slim">
  <record>
    <leader>00000nam  2200000   4500</leader>
    <controlfield tag="001">INLIS000000000018230</controlfield>
    <controlfield tag="005">20240917092940</controlfield>
    <datafield tag="035" ind1="#" ind2="#">
      <subfield code="a">0010-0924000059</subfield>
    </datafield>
    <controlfield tag="007">ta</controlfield>
    <controlfield tag="008">240917################|##########|#|##</controlfield>
    <datafield tag="084" ind1="#" ind2="#">
      <subfield code="a">R 070 PIM I 2023</subfield>
    </datafield>
    <datafield tag="100" ind1=" " ind2="#">
      <subfield code="a">Muhammad Isa Anshori</subfield>
    </datafield>
    <datafield tag="245" ind1="1" ind2="#">
      <subfield code="a">Strategi Pengelolaan Ekosistem Kelautan Berkelanjutan Melalui Pemulihan Habitat Lobster Terpadu /</subfield>
      <subfield code="c">Muhammad Isa Anshori</subfield>
    </datafield>
    <datafield tag="260" ind1="#" ind2="#">
      <subfield code="a">Jakarta :</subfield>
      <subfield code="b">Pusbangkom Pimnas dan Manajerial ASN,</subfield>
      <subfield code="c">2023</subfield>
    </datafield>
    <datafield tag="300" ind1="#" ind2="#">
      <subfield code="a">158 halaman ;</subfield>
      <subfield code="c">30 cm</subfield>
    </datafield>
    <datafield tag="650" ind1="#" ind2="4">
      <subfield code="a">Ekosistem Kelautan</subfield>
    </datafield>
    <datafield tag="520" ind1="#" ind2="#">
      <subfield code="a">Tingginya permintaan dan meningkatnya harga lobster mendorong nelayan untuk melakukan penangkapan lobster secara berlebihan dan tidak berkelanjutan seperti penangkapan lobster mendorong nelayan untuk melakukan penangkapan lobster secara berlebihan dan tidak berkelanjutan seperti penggunaan bom dan potas yang menjadi salah satu ancaman bagi terumbu karang. Kegiatan pemulihan sumber daya lobster juga dibarengi dengan kegiatan edukasi dan pengawasan agar upaya pemulihan dapat berjalan sesuai dengan standar yang telah ditetapkan. Hal ini dimaksudkan untuk menambah informasi dan wawasan agar para nelayan dapat memanfaatkan sumber daya lobster secara berkelanjutan. Diharapkan inovasi ini dapat diterapkan di seluruh Indonesia untuk memberikan kelestarian lingkungan dan keberlanjutan sehingga dapat dinikmati secara ekonomi dan sosial bagi seluruh masyarakat Indonesia menuju Blue Economy.</subfield>
    </datafield>
    <datafield tag="856" ind1="#" ind2="#">
      <subfield code="a">Perpustakaan LAN Pusat</subfield>
    </datafield>
    <datafield tag="990" ind1="#" ind2="#">
      <subfield code="a">24.09.070</subfield>
    </datafield>
  </record>
</collection>
